Glossary of Horticulture (Record no. 295138)
[ view plain ]
| 000 -LEADER | |
|---|---|
| fixed length control field | 00454nam a22001817a 4500 |
| 003 - CONTROL NUMBER IDENTIFIER | |
| control field | OSt |
| 005 - DATE AND TIME OF LATEST TRANSACTION | |
| control field | 20250801111345.0 |
| 008 - FIXED-LENGTH DATA ELEMENTS--GENERAL INFORMATION | |
| fixed length control field | 240902b |||||||| |||| 00| 0 eng d |
| 020 ## - INTERNATIONAL STANDARD BOOK NUMBER | |
| International Standard Book Number | 9788127261061 |
| 082 ## - DEWEY DECIMAL CLASSIFICATION NUMBER | |
| Classification number | 635 |
| 100 ## - MAIN ENTRY--PERSONAL NAME | |
| Personal name | Hazra,P [et al.] |
| 245 ## - TITLE STATEMENT | |
| Title | Glossary of Horticulture |
| 250 ## - EDITION STATEMENT | |
| Edition statement | 3rd ed. |
| Remainder of edition statement | Revised Edition, Reprinted 2019 |
| 260 ## - PUBLICATION, DISTRIBUTION, ETC. (IMPRINT) | |
| Place of publication, distribution, etc. | Ludhiana; |
| Name of publisher, distributor, etc. | Kalyani Publishers, |
| Date of publication, distribution, etc. | 2010. |
| 300 ## - PHYSICAL DESCRIPTION | |
| Extent | 304p. |
| 942 ## - ADDED ENTRY ELEMENTS (KOHA) | |
| Koha item type | Books (General) |
| 942 ## - ADDED ENTRY ELEMENTS (KOHA) | |
| Source of classification or shelving scheme | Dewey Decimal Classification |
| Suppress in OPAC | 0 |
| Withdrawn status | Lost status | Source of classification or shelving scheme | Damaged status | Not for loan | Home library | Current library | Date acquired | Total Checkouts | Full call number | Barcode | Date last seen | Price effective from | Koha item type |
|---|---|---|---|---|---|---|---|---|---|---|---|---|---|
| Dewey Decimal Classification | College of Agriculture, Wayanad | College of Agriculture, Wayanad | 02/09/2024 | 635 HAZ/GL | KAU_COAW-002271 | 02/09/2024 | 02/09/2024 | Books (General) | |||||
| Dewey Decimal Classification | College of Agriculture, Wayanad | College of Agriculture, Wayanad | 02/09/2024 | 635 HAZ/GL | KAU_COAW-002272 | 02/09/2024 | 02/09/2024 | Books (General) |
